Top 10 Methodist States (Largest Pop. #'s) - Statistics

General Stats
  • This quiz has been taken 51 times
  • The average score is 8 of 10
Answer Stats
# of Methodists State % Correct
466,586 New York
96%
462,174 Florida
93%
1,004,318 Texas
93%
530,076 Georgia
91%
605,362 North Carolina
85%
490,789 Virginia
80%
656,107 Ohio
78%
722,871 Pennsylvania
70%
396,862 Tennessee
70%
440,681 Illinois
67%
No matching quizzes found
Score Distribution
Percent of People with Each Score
Percentile by Number Answered
Your Score History
You have not taken this quiz